Súčasné spotrebiteľské trendy v odvetví informačno-komunikačných technológií na Slovensku a v zahraničí

Vplyv súčasnej hospodársko - politickej situácie na formovanie trendov v správaní spotrebiteľa. Spotrebiteľské správanie v oblasti využívania informačno-komunikačných technológií a mobilných telefónov.

Salvato in:
Dettagli Bibliografici
Autore principale: Šášiková, Mária
Altri autori: Malejčiková, Veronika
Natura: Capitolo di libro
Lingua:slovacco
Soggetti:
Tags: Aggiungi Tag
Nessun Tag, puoi essere il primo ad aggiungerne!!

MARC

LEADER 00000nla a2200000 4500
001 0176344
005 20240502073015.4
041 0 |a slo 
044 |a SK 
245 1 0 |a Súčasné spotrebiteľské trendy v odvetví informačno-komunikačných technológií na Slovensku a v zahraničí  |c Mária Šášiková, Veronika Malejčiková 
520 |a Vplyv súčasnej hospodársko - politickej situácie na formovanie trendov v správaní spotrebiteľa. Spotrebiteľské správanie v oblasti využívania informačno-komunikačných technológií a mobilných telefónov. 
610 2 0 |a spotrebitelia 
610 2 0 |a správanie spotrebiteľa 
610 2 0 |a rozhodovanie nákupné 
610 2 0 |a lojálnosť zákazníkov 
610 2 0 |a technológie informačné 
610 2 0 |a technológie komunikačné 
610 2 0 |a telefón mobilný 
100 1 |a Šášiková, Mária 
700 1 |a Malejčiková, Veronika